Think and grow rich / (Record no. 56421)

MARC details
000 -LEADER
fixed length control field 00811nam a22002177a 4500
005 - DATE AND TIME OF LATEST TRANSACTION
control field 20110906143053.0
008 - FIXED-LENGTH DATA ELEMENTS--GENERAL INFORMATION
fixed length control field 100511t xxu||||| |||| 00| 0 eng d
010 ## - LCCN (DPL NO)
LC control number G-001420
020 ## - INTERNATIONAL STANDARD BOOK NUMBER
International Standard Book Number 9788189998301
Terms of availability 110.00
035 ## - SYSTEM CONTROL NUMBER
System control number G-001420
037 ## - SOURCE OF ACQUISITION
Source of stock number/acquisition SRD
040 ## - CATALOGING SOURCE
Original cataloging agency dpl
Language of cataloging English
082 ## - DEWEY DECIMAL CLASSIFICATION NUMBER
Classification number 650.1
100 ## - MAIN ENTRY--PERSONAL NAME
Personal name Hill, Napoleon
9 (RLIN) 1540
245 ## - TITLE STATEMENT
Title Think and grow rich /
Statement of responsibility, etc by Napoleon Hill
260 ## - PUBLICATION, DISTRIBUTION, ETC. (IMPRINT)
Place of publication, distribution, etc Delhi
Name of publisher, distributor, etc Three Ess Publications
Date of publication, distribution, etc 2009
270 ## - ADDRESS
Address DA/5, Gali No 6, Main Kanjhwala Road, Rama Vihar
City New Delhi
Postal code 110081
300 ## - PHYSICAL DESCRIPTION
Extent 224p.
Dimensions 23cm (pbk)
942 ## - ADDED ENTRY ELEMENTS (KOHA)
Source of classification or shelving scheme Dewey Decimal Classification
Item type English Books
Call number suffix HIL
Classification part 650.1
Holdings
Withdrawn status Lost status Source of classification or shelving scheme Damaged status Not for loan Collection code Home library Current library Date acquired Source of acquisition Cost, normal purchase price Total Checkouts Total Renewals Full call number Barcode Date last seen Copy number Cost, replacement price Koha item type
    Dewey Decimal Classification     Non-fiction Janak Puri Janak Puri 06/09/2011 bppd/gift 110.00 11 2 650.1 HIL G-001420 03/12/2021 1 110.00 English Books

© Delhi Public Library
Hit Counter
free hit counter